• 首页
  • 本馆介绍
  • 公告通知
  • 最新文献
  • 馆藏检索
  • 电子资源
  • 读者导购
  • 参考咨询
  • 我的图书馆
  • 登录
  • 详细信息显示
  • 放入我的书架
  • 预约/预借图书
  • 作者相关作品
  • 分类相关作品
  • 丛书相关作品
  • 出版社相关作品

书目信息

  • 表格格式
  • 工作单格式
  • 卡片格式
题名:
全面质量管理
    
 
作者: 何国伟 编著
分册:  
出版信息: 北京   中国铁道出版社  1988.3
页数: 274页
开本: 19厘米
丛书名: 现代管理方法丛书
单 册:
中图分类: F406.3
科图分类:
主题词:
电子资源:
ISBN: 7-113-00174-2
000 00737nam2 2200241 45
001 0189020556
005 20060810094414.15
010    @a7-113-00174-2@dCNY2.15
020    @aCN@b89020556
100    @a19910905d1988 m y0chiy0120 ea
101 0  @achi
102    @aCN@b110000
105    @ay z 000yy
200 10 @a全面质量管理@Aquan mian zhi liang guan li@f何国伟编著@Fhe guo wei bian zhu
210    @a北京@c中国铁道出版社@d1988.3
215    @a274页@d19厘米
225 2  @a现代管理方法丛书@f中国现代化研究会编
410  0 @120012@a现代管理方法丛书
540 1  @a全面 质量管理@Aquan mian zhi liang guan li
690    @aF406.3@v1980
701  0 @a何国伟@Ahe guo wei@4编著
801  0 @aCN@bTSSF@c20060810
905    @a10447@dF406.3@e164
    
    全面质量管理/何国伟编著.-北京:中国铁道出版社,1988.3
    274页;19厘米.-(现代管理方法丛书/中国现代化研究会编)
    
    
    ISBN 7-113-00174-2:CNY2.15
    
●
相关链接 在E读中查询图书 在五车中查询图书 在当当中查询图书 在豆瓣中查询图书


正题名:全面质量管理     索取号:F406.3/164         预约/预借

序号 登录号 条形码 馆藏地/架位号 状态 备注
1 0453850   204538508   密集书库/ [索取号:F406.3/164] 在馆    
唐山师范学院图书馆 欢迎您!
大连网信软件有限公司© 版权所有